| 000 | 00973nam a2200277 i 4500 | ||
|---|---|---|---|
| 003 | DO-SdBNP | ||
| 005 | 20231003135136.0 | ||
| 007 | ta | ||
| 008 | 091127s2003 000 spa d | ||
| 020 | _a9993468568 | ||
| 040 |
_aDO-SdBNP _bspa _cBNPHU _erda |
||
| 082 | 4 | _222 | |
| 100 |
_aReyes, Ramón Emilio, _91234 _eautor |
||
| 245 | 1 | 0 |
_aManual de responsabilidad civil / _cRamón Emilio Reyes ; edición, William Ramírez |
| 264 |
_aSanto Domingo : _bLibrería Jurídica Virtual _bJurídicas Trajano Potentini, _c2003. |
||
| 300 |
_a237 páginas ; _c21 cm. |
||
| 336 |
_2rdacontent _atexto _btxt |
||
| 337 |
_2rdamedia _asin mediación _bn |
||
| 338 |
_2rdacarrier _avolumen _bnc |
||
| 500 | _aIncluye referencias bibliográficas y notas al pie de las páginas | ||
| 500 | _aIncluye datos biográficos del autor en la contracubierta | ||
| 590 | _aInventariado, 2023/BT | ||
| 700 |
_aRamírez, William, _eedición _984348 |
||
| 910 | _aBtavárez | ||
| 942 |
_2ddc _cLBS1 |
||
| 999 |
_c13270 _d13270 |
||